000 00270nam a2200109Ia 4500
008 190216s9999||||xx |||||||||||||| ||und||
100 _aMukesh Jain
245 0 _aEntrance Examination Today
260 _bOswal Printers&Pub(Pvt) Ltd
_c1998
300 _a181p
942 _cREF
999 _c35988
_d35988